000
00257nam a22001097a 4500
082
_a
939.8 EUE'I
100
_a
EVERSLEY, LORD
_9
57684
245
_a
THE TURKISH EMPIRE ITS GROWTH AND DECAY
260
_a
LAHORE
_b
PREMIER
_c
1957
300
_a
492P
942
_c
BK
999
_c
567957
_d
567957